| 000 | 01025naa a22002777a 4500 | ||
|---|---|---|---|
| 001 | BR6010116 | ||
| 003 | BR-BrBNA | ||
| 005 | 20240918173146.0 | ||
| 007 | ta | ||
| 008 | 230509b bl.||||| |||| 00| 0 por d | ||
| 040 |
_aBR-BrBNA _bpor _cBiblioteca Nacional de Agricultura |
||
| 041 | _a(Pt) | ||
| 072 |
_aP05 _b/G514 |
||
| 090 | _aP05 BR6010116 | ||
| 100 | 1 | _aMonteiro Filho, I. da S. | |
| 111 | 1 |
_a1. Encontro do Vale do Paraiba do Sul _cRio de Janeiro, GB (Brazil) _d19 Nov 1973 |
|
| 245 | 1 | _aEnergia eletrica: Producao e consumo no Vale do Paraiba do Sul [Brasil] | |
| 260 | 3 |
_aRio de Janeiro, GB (Brasil): _c1973. |
|
| 500 | _a1. Encontro do Vale do Paraiba do Sul Rio de Janeiro, GB (Brasil): 1973. p. 31-35 (BR6010116-AM)P05 | ||
| 650 | _aRecurso energetico | ||
| 650 | _aEnergia eletrica | ||
| 650 | _aVale do Paraiba do Sul | ||
| 773 | 0 |
_t1. Encontro do Vale do Paraiba do Sul _wP05 BR6010116 _gRio de Janeiro, GB (Brasil), 1973. p. 31-35 |
|
| 909 |
_a202404 _bLucia _c55 _dLucia Elande |
||
| 942 |
_cAM _2AGRIS |
||
| 999 |
_c303197 _d303197 |
||